000 00671nam a2200229Ia 4500
003 OSt
005 20220923222812.0
006 a|||||r|||| 00| 0
007 ta
008 220922b |||||||| |||| 00| 0 hin d
024 _a208,157
037 _cTextual
040 _aARTS
_cARTS
_bhin
041 _2hin
_ahin
082 _aO152,3NSH16,2, L6
100 _aशशिप्रभा
_9156277
245 0 _aसीढ़ियां (सामाजिक उपन्यास)
246 _aSīढ़iyāan (sāmājik upanyāsa)
260 _c1976
942 _hO152,3NSH16,2, L6
_cTEXL
_2CC
999 _c358753
_d358753